新発田市?柴田町? - Statistics

General Stats
  • This quiz has been taken 34 times
  • The average score is 7 of 10
Answer Stats
Hint Explanation Answer % Correct
面積は100㎢未満 柴田町:54.03㎢
新発田市:533.11㎢
柴田町
91%
「しばた」駅がある 柴田町の駅は船岡駅、槻木駅、東船岡駅の3つ 新発田市
88%
バス路線がない 柴田町
84%
道の駅加治川がある 新発田市
78%
他県の市町村と隣接している 福島県喜多方市、山形県小国町と隣接 新発田市
75%
高速道路が走る 日本海東北自動車道が通る 新発田市
75%
私鉄・三セクが通っている 阿武隈急行が通っている 柴田町
72%
国内の姉妹都市に須坂市がある 他にも、国内では加賀市と友好都市 新発田市
53%
県唯一の日本さくら名所100選に選ばれている観光スポットがある 船岡城址公園と白石川堤一目千本桜がある。 柴田町
47%
市町村の木はサクラ 柴田町は町の花がさくら 新発田市
34%
No matching quizzes found
Score Distribution
Percent of People with Each Score
Percentile by Number Answered
Your Score History
You have not taken this quiz